Pays Francophones - Mort Subite - Statistiques

Statistiques générales
  • Ce quiz a été pris 3 675 fois
  • Le résultat moyen est 5 sur 14
Answers on the Grid
Answers color-coded by a green-red scale on the quiz's grid according to % correct below.
France
Monaco
Luxembourg
Belgique
Maurice
Andorre
Suisse
Gabon
Algérie
Tunisie
Seychelles
République du Congo
Djibouti
République démocratique du Congo
Grèce
Saint-Marin
Italie
États-Unis
Guinée Équatoriale
Brésil
Espagne
Guyane
Vanuatu
Argentine
Canada
Portugal
Pologne
 
Statistiques - réponses
Réponse % Correct
France
64%
Suisse
51%
Belgique
50%
Monaco
48%
Luxembourg
43%
Algérie
33%
République démocratique du Congo
32%
République du Congo
29%
Tunisie
24%
Andorre
21%
Gabon
20%
Maurice
19%
Djibouti
12%
Seychelles
9%
Aucun quiz correspondant
Distribution des résultats
% des personnes avec chaque résultat
Percentile par nombre de réponses
Votre historique - résultats
Vous n’avez pas pris ce quiz